| 000 | 00652pam a2200217 a 4500 | ||
|---|---|---|---|
| 020 | _a0070417016 (alk. paper) : | ||
| 040 | _cDLC | ||
| 082 | 0 | 0 | _a306 MCG 1994 A017 Or. |
| 100 | 1 | _aBird, Gloria W. | |
| 245 | 1 | 0 | _aFamilies and intimate relationships / |
| 260 |
_aNew York : _bMcGraw-Hill, _cc1994. |
||
| 300 |
_axix, 512. p. : _bill. ; _c26 cm. |
||
| 500 | _aBased on Marriage and family today, by Keith Melville. | ||
| 650 | 0 | _aFamilies | |
| 650 | 0 | _aMan-woman relationships | |
| 650 | 0 | _aMarriage | |
| 650 | 0 | _aMate selection | |
| 700 | 1 | _aMelville, Keith. | |
| 700 | 1 | _aMelville, Keith. | |
| 942 | _cEK | ||
| 999 |
_c11681 _d11681 |
||